<?xml version="1.0" encoding="UTF-8"?>
<record
    xmlns:xsi="http://www.w3.org/2001/XMLSchema-instance"
    xsi:schemaLocation="http://www.loc.gov/MARC21/slim http://www.loc.gov/standards/marcxml/schema/MARC21slim.xsd"
    xmlns="http://www.loc.gov/MARC21/slim">

  <leader>01360nam a2200157   4500</leader>
  <datafield tag="999" ind1=" " ind2=" ">
    <subfield code="c">507300</subfield>
    <subfield code="d">507300</subfield>
  </datafield>
  <controlfield tag="008">190208b           ||||| |||| 00| 0 eng d</controlfield>
  <datafield tag="100" ind1=" " ind2=" ">
    <subfield code="a">Acharya, Keshav K.</subfield>
    <subfield code="9">1504</subfield>
  </datafield>
  <datafield tag="245" ind1=" " ind2=" ">
    <subfield code="a">The capacity of local governments in Nepal: </subfield>
    <subfield code="b">from government to governance and governability?</subfield>
  </datafield>
  <datafield tag="260" ind1=" " ind2=" ">
    <subfield code="c">2018</subfield>
  </datafield>
  <datafield tag="300" ind1=" " ind2=" ">
    <subfield code="a">p.186-197.</subfield>
  </datafield>
  <datafield tag="520" ind1=" " ind2=" ">
    <subfield code="a">Local governments are units of government closest to the grassroots, with responsibility not only for institutionalising local governance by creating an enabling environment to promote democratic values and public participation in decision-making, but also for accelerating social and economic development in order to enhance the quality and prosperity of community life. These fundamental aspects of their responsibility constitute core goals in most governmental systems. In Nepal, however, as in many other countries, the goals are only partially pursued and met, despite relevant institutional arrangements having been put in place. Accordingly, as highlighted in the discussion, there is much still to be done to ensure local governments have the requisite capacity to design and deliver services and infrastructure of immediate local significance. - Reproduced.</subfield>
  </datafield>
  <datafield tag="650" ind1=" " ind2=" ">
    <subfield code="a">Governance-Nepal</subfield>
    <subfield code="9">1505</subfield>
  </datafield>
  <datafield tag="773" ind1=" " ind2=" ">
    <subfield code="a">Asia Pacific Journal of Public Administration</subfield>
  </datafield>
  <datafield tag="906" ind1=" " ind2=" ">
    <subfield code="a">Local government - Nepal</subfield>
  </datafield>
  <datafield tag="942" ind1=" " ind2=" ">
    <subfield code="2">ddc</subfield>
    <subfield code="c">AR</subfield>
  </datafield>
  <datafield tag="952" ind1=" " ind2=" ">
    <subfield code="0">0</subfield>
    <subfield code="1">0</subfield>
    <subfield code="2">ddc</subfield>
    <subfield code="4">0</subfield>
    <subfield code="7">0</subfield>
    <subfield code="9">381337</subfield>
    <subfield code="a">IIPA</subfield>
    <subfield code="b">IIPA</subfield>
    <subfield code="d">2019-02-08</subfield>
    <subfield code="h">40(3), Sep, 2018: p.186-197.</subfield>
    <subfield code="p">AR118832</subfield>
    <subfield code="r">2019-02-08</subfield>
    <subfield code="y">AR</subfield>
  </datafield>
</record>
